
Library Catalogue

| 000 -LEADER | |
|---|---|
| fixed length control field | 00724cam a2200265 i 4500 |
| 001 - CONTROL NUMBER | |
| control field | 4105763 |
| 005 - DATE AND TIME OF LATEST TRANSACTION | |
| control field | 20260218071024.0 |
| 008 - FIXED-LENGTH DATA ELEMENTS--GENERAL INFORMATION | |
| fixed length control field | 750312s1974 ii b 001 0 eng |
| 010 ## - LIBRARY OF CONGRESS CONTROL NUMBER | |
| LC control number | 74904033 |
| 020 ## - INTERNATIONAL STANDARD BOOK NUMBER | |
| Terms of availability | Rs28.00 |
| 035 ## - SYSTEM CONTROL NUMBER | |
| System control number | 4105763 |
| 040 ## - CATALOGING SOURCE | |
| Original cataloging agency | DLC |
| Transcribing agency | DLC |
| Modifying agency | DLC |
| 043 ## - GEOGRAPHIC AREA CODE | |
| Geographic area code | a-ii--- |
| 082 ## - DEWEY DECIMAL CLASSIFICATION NUMBER | |
| Classification number | 342 SAT |
| 100 ## - MAIN ENTRY--PERSONAL NAME | |
| Personal name | Sathe, S. P. |
| 245 10 - TITLE STATEMENT | |
| Title | Administrative law / |
| Statement of responsibility, etc. | by S. P. Sathe |
| 250 ## - EDITION STATEMENT | |
| Edition statement | 5th ed. |
| 260 ## - PUBLICATION, DISTRIBUTION, ETC. | |
| Place of publication, distribution, etc. | Bombay : |
| Name of publisher, distributor, etc. | N. M. Tripathi, |
| Date of publication, distribution, etc. | 1991. |
| 300 ## - PHYSICAL DESCRIPTION | |
| Extent | 504 p. ; |
| Dimensions | 23 cm. |
| 650 #0 - SUBJECT ADDED ENTRY--TOPICAL TERM | |
| Topical term or geographic name entry element | Administrative law |
| Geographic subdivision | India. |
| 906 ## - LOCAL DATA ELEMENT F, LDF (RLIN) | |
| a | 7 |
| b | cbc |
| c | orignew |
| d | 3 |
| e | ncip |
| f | 19 |
| g | y-gencatlg |
| 942 ## - ADDED ENTRY ELEMENTS (KOHA) | |
| Source of classification or shelving scheme | Dewey Decimal Classification |
| Koha item type | BOOKs |
| Withdrawn status | Lost status | Damaged status | Not for loan | Home library | Current library | Shelving location | Date acquired | Cost, normal purchase price | Total Checkouts | Full call number | Barcode | Date last seen | Date last checked out | Price effective from | Koha item type | Public note |
|---|---|---|---|---|---|---|---|---|---|---|---|---|---|---|---|---|
| . | . | 30.05.2017 | 120.00 | 2 | 342 SAT-2 | 4563 | 14.06.2024 | 06.12.2022 | 30.05.2017 | BOOKs | PAMPHLET TYPE | |||||
| . | . | 30.05.2017 | 120.00 | 342 SAT-3 | 4564 | 14.06.2024 | 30.05.2017 | BOOKs | PAMPHLET TYPE | |||||||
| . | . | NAB Compactor | 30.05.2017 | 120.00 | 342 SAT-4 | 4565 | 30.05.2017 | 30.05.2017 | BOOKs | |||||||
| . | . | 30.05.2017 | 200.00 | 342 SAT | 8245 | 14.06.2024 | 30.05.2017 | BOOKs | ||||||||
| . | . | NAB Compactor | 30.05.2017 | 200.00 | 1 | 342 SAT-1 | 8575 | 13.01.2018 | 11.01.2018 | 30.05.2017 | BOOKs | |||||
| . | . | 30.05.2017 | 350.00 | 342 SAT-2 | 8576 | 14.06.2024 | 30.05.2017 | BOOKs | ||||||||
| . | . | 30.05.2017 | 200.00 | 342 SAT-1 | 8642 | 14.06.2024 | 30.05.2017 | BOOKs | ||||||||
| . | . | Library Compactors | 30.05.2017 | 200.00 | 1 | 342 SAT-2 | 8643 | 20.01.2018 | 14.01.2018 | 30.05.2017 | BOOKs |